Statistics for Sea of Thieves Tall Tales

Click here to take the quiz!

General Stats

  • This quiz has been taken 19 times
    (17 since last reset)
  • The average score is 10 of 20

Answer Stats

Originals% Correct
Shores of Gold
100%
Shroudbreaker
77%
Wild Rose
77%
Fate of the Morningstar
69%
Revenge of the Morningstar
69%
Art of the Trickster
54%
Heart of Fire
54%
Journey to Melee Island
46%
Lair of LeChuck
46%
Legendary Storyteller
46%
Seabound Soul
46%
Lords of the Sea
38%
Maiden Voyage
38%
Stars of a Thief
38%
Cursed Rouge
31%
Pirate's Life
31%
Quest for Guybrush
31%
Sunken Pearl
31%
Captains of the Damned
15%
Dark Brethren
15%

Score Distribution

Percentile by Number Answered

Percent of People with Each Score

Your Score History

You have not taken this quiz since the last reset